LEADER 01260nam a2200301 u 4500 001 000000008515 003 CaOOAMICUS 005 20070226105113.0 008 940516s1974 it f u000 u ita u 020 $a8802017492 035 $a10219184 040 $aPUL(R)$bita 100 0 $aAristoteles,$d384-322 a.C.$0(OLS)http://pul/name/792 240 10$aMetaphysica$9(Aristoteles, 384-322 a.C.).$lItaliano.$0(OLS)http://pul/title/5080 245 13$aLa metafisica /$cAristotele ; a cura di Carlo Augusto Viano. 260 $aTorino :$bUTET,$c1974. 300 $a792 p. :$btav. ;$c24 cm 490 1 $aClassici della filosofia (Unione tipografico-editrice torinese); ;$v13 700 1 $aViano, Carlo Augusto.$0(OLS)http://pul/name/8519 830 0$aClassici della filosofia (UTET) ;$v13.$0(OLS)http://pul/title/8314 850 $aPUL 852 $aPUL$W1$xSL Filosofia 1$y2$m87 M 13.1$j184489$qStampati$B187693$CPULBib$Z2$F187693 $H52259 $82 900 $aAristotle,$d 384-322 a.C.$9792 900 $aAristotele,$d384-322 a.C.$9792 941 1 $a8 996 $6020$a8802017492$9(OLS)http://pul/number/10998 996 $6245$aLa metafisica$9(OLS)http://pul/title/5066 996 $6260$aTorino :$bUTET$9(OLS)http://pul/publisher/48088 LEADER 01214nam a2200253 u 4500 001 000000089081 003 CaOOAMICUS 005 20070226124559.0 008 051110s1945 fr u000 u fre u 035 $a11067931 040 $aPUL(R)$bita 245 03$aLe Christ et les malades. 260 $aParis :$bLes Éditions du Cerf,$c1945. 300 $a200 p. ;$c19 cm 490 1 $aCahiers de la vie spirituelle ;$v6 650 4$aMalattie$xAspetti morali e religiosi.$0(OLS)http://pul/subject/13246 830 0$aCahiers de la vie spirituelle ;$v6.$0(OLS)http://pul/title/83423 850 $aPUL 852 $aPUL$W1$xDP1 Fondo Pastorale$y55$mP9 F 16$j112699$nBK-PRI$b $qFondi$B112699$CPULBib$Z2$F112699 $H $81 852 $aPUL$W1$xDP1 Fondo Pastorale$y55$mP9 E 17$j112700$nBK-PRI$b $qFondi$B112700$CPULBib$Z2$F112700 $HPUL652 $81 852 $aPUL$W1$xDP1 Fondo Pastorale$y55$mP18 D 24$j112701$nBK-PRI$b $qFondi$B112701$CPULBib$Z2$F112701 $H $81 941 1 $a1 996 $6245$aLe Christ et les malades$9(OLS)http://pul/title/115062 996 $6260$aParis :$bLes Éditions du Cerf$9(OLS)http://pul/publisher/47861